01561naa a22003137a 4500001001000000003000900010005001700019007000300036008003400039040005400073041000900127072001400136090001800150100002200168100002000190100001700210111011200227245012200339260003600461500025400497650001400751650001200765650001700777773025100794909003601045942001401081999001901095952013301114BR9600392BR-BrBNA20240918181811.0ta230509b bl.||||| |||| 00| 0 por d aBR-BrBNAbporcBiblioteca Nacional de Agricultura a(Pt) aK10b3240 aK10 BR96003921 aToth, V.B. dos R.1 aGoncalves, A.N.1 aVieira, J.D.1 a1. Congresso Florestal Panamericano7. Congresso Florestal BrasileirocCuritiba, PR (Brazil)d19-24 Sep 19931 aEfeito da interacao de auxina e esteroides no alongamento e enraizamento de clones de hibridos de Eucalyptus in vitro3 aCuritiba, PR (Brasil): c1993.  aAnais, 1. Congresso Florestal Panamericano. 7. Congresso Florestal Brasileiro. Floresta para desenvolvimento: politica, ambiente, tecnologia e mercado. Trabalhos voluntarios e posters. v. 1. Curitiba, PR (Brasil): 1993. p. 110-113 (BR9600392-AM)K10  aEucalipto aHibrido aEnraizamento0 tAnais, 1. Congresso Florestal Panamericano. 7. Congresso Florestal Brasileiro. Floresta para desenvolvimento: politica, ambiente, tecnologia e mercado. Trabalhos voluntarios e posters. v. 1.wK10 BR9600392gCuritiba, PR (Brasil), 1993. p. 110-113 a202404bLuciac55dLucia Elande cAM2AGRIS c326903d326903 002AGRIS40708Acervo Gerala41918b41918cAgrobasel0r2024-05-20t01yAM10d2024-04-11ePortaria Interministerial nÂș 164/94